Tabasco : (Record no. 55174)
[ view plain ]
| 000 -CABECERA | |
|---|---|
| campo de control de longitud fija | 00651nam a2200193 a 4500 |
| 005 - FECHA Y HORA DE LA ÚLTIMA TRANSACCIÓN | |
| campo de control | 20230601063814.0 |
| 008 - ELEMENTOS DE LONGITUD FIJA--INFORMACIÓN GENERAL | |
| campo de control de longitud fija | 991125s1978 mx 000 0 spa u |
| 035 ## - NÚMERO DE CONTROL DEL SISTEMA | |
| Número de control de sistema | UPN01000055174 |
| 049 ## - COLECCIÓN | |
| Colección | CG |
| 050 #4 - SIGNATURA TOPOGRÁFICA DE LA BIBLIOTECA DEL CONGRESO | |
| Número de clasificación | LE7.6331 |
| Número de documento/Ítem | U23 |
| 110 2# - ASIENTO PRINCIPAL--NOMBRE CORPORATIVO | |
| Nombre de entidad corporativa o nombre de jurisdicción como elemento de entrada | Universidad Juárez Autónoma de Tabasco |
| 9 (RLIN) | 31564 |
| 245 10 - MENCIÓN DE TÍTULO | |
| Título | Tabasco : |
| Resto del título | información básica / |
| Mención de responsabilidad, etc. | Universidad Juárez Autónoma de Tabasco. |
| 260 ## - PUBLICACIÓN, DISTRIBUCIÓN, ETC. | |
| Lugar de publicación, distribución, etc. | Tabasco : |
| Nombre del editor, distribuidor, etc. | UJAT, |
| Fecha de publicación, distribución, etc. | [1978?]. |
| 300 ## - DESCRIPCIÓN FÍSICA | |
| Extensión | 50 h. |
| 610 24 - ASIENTO SECUNDARIO DE MATERIA - NOMBRE CORPORATIVO | |
| Nombre de entidad corporativa o nombre de jurisdicción como elemento de entrada | UNIVERSIDAD JUAREZ AUTONOMA DE TABASCO - |
| Subdivisión general | HISTORIA |
| 610 24 - ASIENTO SECUNDARIO DE MATERIA - NOMBRE CORPORATIVO | |
| Nombre de entidad corporativa o nombre de jurisdicción como elemento de entrada | UNIVERSIDAD JUAREZ AUTONOMA DE TABASCO - |
| Subdivisión general | LEYES Y LEGISLACION |
| 651 #7 - ASIENTO SECUNDARIO DE MATERIA - NOMBRE GEOGRAFICO | |
| Nombre geográfico | Tabasco |
| Subdivisión general | Historia |
| Fuente del encabezamiento o término | |
| 9 (RLIN) | 14423 |
| 905 ## - TIPO DE MATERIAL | |
| Tipo de material | Libro |
| Estado de retiro | Estado de pérdida | Fuente del sistema de clasificación o colocación | Estado dañado | No para préstamo | Código de colección | Localización permanente | Ubicación/localización actual | Ubicación en estantería | Total de préstamos | Clasificación | Código de barras | Fecha visto por última vez | Número de copia | Tipo de ítem Koha |
|---|---|---|---|---|---|---|---|---|---|---|---|---|---|---|
| Library of Congress Classification | Colección General | Bib. Gregorio Torres Quintero | Bib. Gregorio Torres Quintero | Planta baja | LE7.6331 U23 | 78845 | 31/12/2020 | 1 | Libro |
